• 首页
  • 本馆介绍
  • 公告通知
  • 最新文献
  • 馆藏检索
  • 电子资源
  • 读者导购
  • 参考咨询
  • 我的图书馆
  • 登录
  • 详细信息显示
  • 放入我的书架
  • 预约/预借图书
  • 作者相关作品
  • 分类相关作品
  • 丛书相关作品
  • 出版社相关作品

书目信息

  • 表格格式
  • 工作单格式
  • 卡片格式
题名:
睡眠健康指南
    
 
作者: 张鲁原 编著
分册:  
出版信息: 上海   上海科学技术文献出版社  2005
页数: 230页
开本: 18cm
丛书名:
单 册:
中图分类: R163
科图分类:
主题词: 睡眠--基本知识
电子资源:
ISBN: 7-5439-2443-9
000 00692nam0 2200217 450
001 TS2006037781
005 20061206084709.84
010    @a7-5439-2443-9@dCNY14.00
100    @a20060829d2005 em y0chiy0120 ea
101 0  @achi
102    @aCN@b310000
105    @aa z 000yy
200 1  @a睡眠健康指南@AShui Mian Jian Kang Zhi Nan@f张鲁原编著@FZhang Lu Yuan Bian Zhu
210    @a上海@c上海科学技术文献出版社@d2005
215    @a230页@d18cm
330    @a本书力图扭转人们对睡眠问题和睡眠疾病的轻视心理,改变与此有关的各种不正确的认识。
606 0  @a睡眠@x基本知识
690    @aR163@v4
701  0 @a张鲁原@AZhang Lu Yuan@4编著
801  0 @aCN@b中图数据@c20061206
905    @a10447@dR163@e120
    
    睡眠健康指南/张鲁原编著.-上海:上海科学技术文献出版社,2005
    230页;18cm
    
    
    ISBN 7-5439-2443-9:CNY14.00
    本书力图扭转人们对睡眠问题和睡眠疾病的轻视心理,改变与此有关的各种不正确的认识。
●
相关链接 在E读中查询图书 在五车中查询图书 在当当中查询图书 在豆瓣中查询图书


正题名:睡眠健康指南     索取号:R163/120         预约/预借

序号 登录号 条形码 馆藏地/架位号 状态 备注
1 0615757   206157576   第二样本阅览室/ [索取号:R163/120] 在馆    
2 0615758   206157585   教育系资料室/ [索取号:R163/120] 在馆    
3 0615759   206157594   教育系资料室/ [索取号:R163/120] 在馆    
4 0615760   206157601   第三借阅区/ [索取号:R163/120] 在馆    
5 0615761   206157610   第三借阅区/ [索取号:R163/120] 在馆    
6 0615762   206157629   教育系资料室/ [索取号:R163/120] 在馆    
唐山师范学院图书馆 欢迎您!
大连网信软件有限公司© 版权所有